Etelä-Afrikan provinssit - Statistics

Yleistilastot
  • Tätä visaa on pelattu 190 kertaa
  • Keskiarvotulos 6 / 9
Vastaukset kartalla
Vastauksille on annettu kartalla punavihreä väri sen mukaan, kuinka moni on saanut sen oikein.
 
Vastaustilastot
Provinssi % Oikein
Pohjois-Kap
77%
KwaZulu-Natal
76%
Länsi-Kap
76%
Itä-Kap
71%
Limpopo
69%
Gauteng
66%
Vapaavaltio
55%
Mpumalanga
53%
Luoteismaakunta
45%
Ehtoja vastaavia visoja ei löytynyt
Tulosjakauma
Jokaisen tuloksen saaneiden osuus
Persentiili vastausten määrän mukaan
Tuloshistoriasi
Et ole pelannut tätä visaa